| 000 | 00512nam a2200181Ia 4500 | ||
|---|---|---|---|
| 001 | 10313 | ||
| 005 | 20260306161823.0 | ||
| 008 | 260306t2014||||xx |||||||||||||| ||spa|| | ||
| 041 | _aESP | ||
| 082 |
_a918.5712 _bP59 |
||
| 100 |
_aPino-Díaz, Fermín del _eAUT |
||
| 245 | 0 | _aEl quadro de historia del Perú (1799), un texto ilustrado del Museo Nacional de Ciencias Naturales (Madrid) | |
| 260 | _c2014 | ||
| 300 |
_a309 páginas : _c24 cm. |
||
| 650 | _aGEN | ||
| 654 | _aCHU | ||
| 942 |
_cLIB _dJUS _fJUS _2ddc _n |
||
| 999 |
_c10313 _d10313 |
||